000 00549nam a22001577a 4500
003 NUST
038 _aNusrat Nadeem
082 _a200
100 _aShahid Khan, Irum
_9131889
245 _aSynthesis and Characterization of Magnetic Nanoparticles for Photo-Voltaic Applications/
_cIrum Shahid Khan,
264 _aIslamabad:
_bSCME NUST.
_c2025.
650 _aPhD-Materials Engineering
_9123162
700 _aSupervisor: Prof. Dr. Iftikhar Hussain Gul
_9127681
856 _u http://10.250.8.41:8080/xmlui/handle/123456789/55163
942 _2ddc
_cSC
999 _c615344
_d615344